000 00782nam a2200289Ia 4500
005 20260324140720.0
008 008 260324s9999 xx 000 0 eng d
020 _a9780203757727
037 _aEBOOK
040 _aCRL
040 _beng
040 _cCRL
041 _2eng
041 _aeng
084 _qCRL
100 _aJohnJ. McKettaJr
_91205461
245 0 _aEncyclopedia of Chemical Processing and Design
245 0 _bVolume 65 -- Waste: Nuclear Reprocessing and Treatment Technologies to Wastewater Treatment: Multilateral Approach
260 _bTaylor and Francis
260 _c1998
365 _a
365 _b465
856 _uhttp://www.taylorfrancis.com/books/9780203757727
942 _cEBOOK
999 _c1807808
_d1807808